000 00641nam a22001937a 4500
005 20240620121858.0
010 _aENG-117787
020 _a9789386392473
_c1095.00
035 _aEN-101319
037 _bDBAD/PUB
082 _a338.88716151
100 _aKaushik Sunder Rajan
_967610
245 _aPharmocracy:
_bValue,politics,and knowledge in global biomedicine/
_cBy Kaushik Sunder Rajan
260 _aTelangana,India
_bOrient Blackswan
_c2017
270 _a3-6-752 Himayatnagar,
_bHyderabad (Telangana)
_e500029
300 v _axiv,328p:
_c23cm (Hb)
500 _aIncluded index
942 _2ddc
_cEN
_mRAJ
_h338.88716151
999 _c139121
_d139121